000
00290nam a22001217a 4500
008
171013b xxu||||| |||| 00| 0 eng d
041
_a
eng
080
_a
316
100
_a
50
101
_a
SOC
245
_a
HAND BOOK PSYCHIATRY AND BEHAVIOR CHANGE
_c
GARFIELD.S.L
942
_2
udc
_c
BK
999
_c
33580
_d
33580